Biblioteca

La Nueva Era : (Registro nro. 52194)

Detalles MARC
000 -LÍDER
Campo fijo de descripción fija 01460aab a2200217 i 4500
001 - NÚMERO DE CONTROL
Campo de control 768714001
003 - IDENTIFICADOR DEL NÚMERO DE CONTROL
Campo de control CO-MdFUSB
005 - FECHA Y HORA DE LA ULTIMA TRANSACCIÓN
control field 20250804155324.0
008 - ELEMENTOS DE LONGITUD FIJA -- INFORMACIÓN GENERAL
Campo fijo de descripción fija -- Información general 221012s1996 ag ||||| |||| 00| 0 spa d
040 ## - FUENTE DE CATALOGACIÓN
Idioma de catalogación spa
Agencia que realiza la transcripción CO-MdFUSB
Agencia que realiza la modificación CO-MdFUSB
041 ## - CÓDIGO DE IDIOMA
Código de idioma para texto/pista de sonido o título separado spa
100 1# - ASIENTO PRINCIPAL--NOMBRE PERSONAL
Nombre personal Góngora, Alvin
Término relacionador autor
245 13 - TÍTULO
Título La Nueva Era :
Subtitulo una propuesta de diálogo
Mención de responsabilidad / Alvin Góngora , Lilia Góngora
300 ## - DESCRIPCIÓN FÍSICA
Extensión Volumen 15, número 2 (abril - junio, 1996) páginas: 12 - 13
Dimensiones ; 27 cm
520 ## - NOTA DE RESUMEN, ETC.
Nota de sumario, etc. Resulta casi imposible describir la Nueva Era, especialmente porque sus promotores afirman no tener una doctrina. Su perfil es delineado más por sus críticos que por sus seguidores, a quienes parece no incomodarles la profusión de corrientes al interior de la red de la Nueva Era. Si bien la Nueva Era descarta la necesidad de la corroboración objetiva como un ingrediente de primer orden en la ciencia, al subrayar el carácter relativo y subjetivo de la verdad, da cabida a ciertos escarceos científicos (algo de eso se percibe en su preocupación ecológica y su interés por la psicología). El tono espiritualista de la realidad objetiva en la Nueva Era realza el talante difuso y de difícil aprehensión teórica de dicha propuesta.
653 ## - TÉRMINO DE INDIZACIÓN - NO CONTROLADO
Término no controlado La Nueva Era
700 ## - ENTR. SECUNDARIA - Nombre Personal (R)
Nombre de persona Góngora, Lilia,
Término indicativo de función autor
773 0# - ASIENTO DE ITEM FUENTE
Título Iglesia y Misión
Biblionumber 49402
Itemnumber 59640
Parte(s) relacionada(s) / Volumen., número. (mes año), páginas Volumen 15, número 2 (abril - junio, 1996) páginas: 12 - 13
Enumeración y primera página página:12
942 ## - TIPO DE MATERIAL (KOHA)
Tipo de Item KOHA Artículos de Revista
945 ## - INFORMACIÓN LOCAL DEL REGISTRO
Catalogador JTF-925

No hay ítems disponibles.

Biblioteca FUSBC | Teléfono: (57+4) 349 88 10 Ext. 141| WhatsApp (+57) 3005338115 
E-mail: biblioteca@unisbc.edu.co | Calle 76 87-14 Robledo Palenque, Medellín, Colombia

Con tecnología Koha